000 00292nam a22001337a 4500
008 210302b ||||| |||| 00| 0 eng d
020 _a9781133952404
041 _aeng
080 _a334.7
100 _a55
101 _aMF
245 _aManagerial Accounting
_cWarren,S.C
942 _2udc
_cBK
999 _c55529
_d55529